[Event "BCF-chT2 2223 (4NCL)"]
[Site "England"]
[Date "2023.03.18"]
[Round "7.68"]
[White "Kueh, Audrey"]
[Black "Pyun, Lindsay"]
[Result "1-0"]
[WhiteElo "2143"]
[BlackElo "1827"]
[PlyCount "91"]
[EventDate "2022.10.22"]
[EventType "team-tourn"]
[EventRounds "11"]
[EventCountry "ENG"]
[SourceTitle "EXT 2024"]
[Source "ChessBase"]
[SourceDate "2023.10.10"]
[SourceVersion "1"]
[SourceVersionDate "2023.10.10"]
[SourceQuality "1"]
[WhiteTeam "The Sharks II"]
[BlackTeam "The Rookies"]
[WhiteTeamCountry "ENG"]
[BlackTeamCountry "ENG"]

1. e4 e5 2. Nf3 Nc6 3. d4 exd4 4. Bc4 Bb4+ 5. c3 dxc3 6. 0-0 Nf6 7. e5 Ng4 8. Bxf7+ Kxf7 9. Ng5+ Kf8 10. Qxg4 Qe7 11. bxc3 Bc5 12. Qf3+ Ke8 13. Bf4 h6 14. Qh5+ Kf8 15. Nd2 Nd8 16. Nde4 b6 17. Rae1 Ba6 18. Nxc5 bxc5 19. Be3 Bxf1 20. Qf3+ Ke8 21. Qxa8 hxg5 22. Kxf1 Rxh2 23. Kg1 Rh4 24. Qxa7 Re4 25. Qxc7 Rxe5 26. Rd1 g4 27. Qb6 Nc6 28. Qb1 Re4 29. Bxc5 Qe5 30. Bd6 Qe6 31. Bg3 Re2 32. a4 Kf7 33. Qd3 Re1+ 34. Rxe1 Qxe1+ 35. Kh2 Qe6 36. Bf4 Ke7 37. Kg3 Kf7 38. Qe3 Qc4 39. Qd2 Ke8 40. Qc2 Kf7 41. Qf5+ Kg8 42. Qxd7 Qxc3+ 43. Kxg4 Ne5+ 44. Bxe5 Qxe5 45. Qc8+ Kh7 46. Qf5+ 1-0

[Event "UK-ch Blitz (Women)"]
[Site "Leamington Spa"]
[Date "2022.12.03"]
[Round "8"]
[White "Pyun, Lindsay"]
[Black "Fuchs, Louison"]
[Result "1-0"]
[WhiteElo "1515"]
[BlackElo "1494"]
[PlyCount "44"]
[EventDate "2022.12.03"]
[EventType "tourn (blitz)"]
[EventRounds "15"]
[EventCountry "ENG"]
[SourceTitle "CBM 211 Extra"]
[Source "ChessBase"]
[SourceDate "2023.01.31"]
[SourceVersion "1"]
[SourceVersionDate "2023.01.31"]
[SourceQuality "1"]

1. e4 e5 2. Nf3 Nc6 3. Bc4 Nf6 4. d3 Bc5 5. Nc3 d6 6. h3 0-0 7. Bg5 h6 8. Bh4 b6 9. Nd5 g5 10. Bg3 Bb7 11. c3 Nxd5 12. Bxd5 Qf6 13. Bxc6 Bxc6 14. b4 a5 15. bxc5 bxc5 16. 0-0 d5 17. Bxe5 Qe6 18. exd5 Bxd5 19. Re1 Qc6 20. d4 cxd4 21. Bxd4 Rad8 22. Ne5 Qd6 1-0

[Event "UK-ch Blitz (Women)"]
[Site "Leamington Spa"]
[Date "2022.12.03"]
[Round "3"]
[White "Pyun, Lindsay"]
[Black "Mirzoeva, Elmira"]
[Result "0-1"]
[WhiteElo "1515"]
[BlackElo "2120"]
[PlyCount "49"]
[EventDate "2022.12.03"]
[EventType "tourn (blitz)"]
[EventRounds "15"]
[EventCountry "ENG"]
[SourceTitle "CBM 211 Extra"]
[Source "ChessBase"]
[SourceDate "2023.01.31"]
[SourceVersion "1"]
[SourceVersionDate "2023.01.31"]
[SourceQuality "1"]

1. e4 c6 2. d4 d5 3. exd5 cxd5 4. Nf3 Nc6 5. Bd3 Nf6 6. c3 g6 7. 0-0 Bg7 8. Bf4 Bf5 9. Nh4 Be4 10. Re1 0-0 11. Nf3 Qb6 12. b3 Rac8 13. Ng5 Bf5 14. Bxf5 gxf5 15. Nf3 Ne4 16. Qd3 e5 17. dxe5 Qxf2+ 18. Kh1 Qxe1+ 19. Nxe1 Nf2+ 20. Kg1 Nxd3 21. Nxd3 Rfe8 22. Nd2 Nxe5 23. Nb4 Ng6 24. Bg3 Bxc3 25. Nxd5 0-1

[Event "Daventry 4NCL Easter op-B 2nd"]
[Site "Daventry"]
[Date "2022.04.16"]
[Round "2"]
[White "Whitmore, Darren H"]
[Black "Pyun, Lindsay"]
[Result "1-0"]
[WhiteElo "1874"]
[BlackElo "1569"]
[PlyCount "138"]
[EventDate "2022.04.15"]
[EventType "swiss"]
[EventRounds "7"]
[EventCountry "ENG"]
[SourceTitle "CBM 207 Extra"]
[Source "ChessBase"]
[SourceDate "2022.05.31"]
[SourceVersion "1"]
[SourceVersionDate "2022.05.31"]
[SourceQuality "1"]

1. e4 e5 2. d4 exd4 3. Nf3 Nc6 4. Nxd4 Bc5 5. Nxc6 Qf6 6. Qd2 dxc6 7. Nc3 Ne7 8. Na4 Qd4 9. Qxd4 Bxd4 10. c3 Bf6 11. Bf4 Ng6 12. Bxc7 Be7 13. b3 Be6 14. Nb2 Rc8 15. Bg3 0-0 16. Bc4 Bxc4 17. Nxc4 Rfd8 18. Rd1 h5 19. 0-0 h4 20. Bd6 Bxd6 21. Rxd6 Rxd6 22. Nxd6 Rc7 23. f4 Rd7 24. Nc4 b6 25. f5 Ne7 26. Ne5 Rd2 27. f6 Ng6 28. Nxc6 Rxa2 29. Ne7+ Kh7 30. Nd5 Re2 31. Ra1 Rxe4 32. fxg7 Kxg7 33. Rxa7 Re6 34. Rb7 Ne5 35. Rxb6 Re8 36. c4 Ng4 37. Kf1 Nxh2+ 38. Kf2 Ng4+ 39. Kf3 Ne5+ 40. Kf4 Ng6+ 41. Kg4 Re4+ 42. Kf3 Re1 43. c5 Ne5+ 44. Kf4 Nd3+ 45. Kg4 Nxc5 46. Kxh4 Re5 47. Nf4 Re4 48. g3 Ne6 49. Kg4 Nxf4 50. gxf4 Rd4 51. Kg5 Rd5+ 52. f5 Rd7 53. b4 Rd8 54. b5 Rc8 55. Rc6 Rb8 56. b6 Kf8 57. Kf6 Ke8 58. Rd6 Rb7 59. Ke5 Rb8 60. f6 Rc8 61. Kd5 Rc2 62. b7 Rb2 63. Kc6 Rc2+ 64. Kb6 Rb2+ 65. Kc7 Rc2+ 66. Rc6 Rb2 67. b8Q+ Rxb8 68. Kxb8 Kd7 69. Ra6 Kd8 1-0